Wszystkie kraje które dotykają równika - Statystyki

Ogólne statystyki
  • Ten quiz został rozwiązany 38 razy
  • Średni wynik to 8 z 11
Statystyki odpowiedzi
Hint Odpowiedź % Poprawnych
# Brazylia
97%
# Demokratyczna RepublikaKonga
95%
# Indonezja
92%
# Ekwador
84%
# Kenia
84%
# Kolumbia
81%
# Kongo
81%
# Gabon
68%
# Uganda
62%
# Somalia
49%
# Wyspy Świętego Tomasza i Książęca
27%
Nie znaleziono quizów pasujących do podanych kryteriów
Rozkład punktacji
Procent ludzi z każdym wynikiem
Percentyl według liczby udzielonych odpowiedzi
Twoja historia wyników
Nie rozwiązałeś tego quizu